[Event "EU-ch 4th"]
[Site "Istanbul"]
[Date "2003.06.01"]
[Round "3"]
[White "Tkachiev, Vladislav"]
[Black "Izoria, Zviad"]
[Result "1-0"]
[WhiteElo "2643"]
[BlackElo "2569"]
[Annotator "Stohl,I"]
[PlyCount "109"]
[EventDate "2003.05.30"]
[EventType "swiss"]
[EventRounds "13"]
[EventCountry "TUR"]
[SourceTitle "CBM 096"]
[Source "ChessBase"]
[SourceDate "2003.09.25"]
[SourceVersion "1"]
[SourceVersionDate "2003.09.25"]
[SourceQuality "1"]

1. d4 Nf6 2. c4 g6 3. Nf3 Bg7 4. g3 c5 5. d5 b5 6. cxb5 a6 7. bxa6 d6 8. Bg2
Nbd7 9. Nc3 Nb6 $5 {Quite a clever move order, it's point is to avoid the line}
(9... Bxa6 10. Rb1 $5 {Kramnik,V (2807)-Topalov,V (2743) SuperGM Wijk aan Zee
2003 (10) 1-0 , which has lately been causing Black quite a lot of trouble-see
also}) 10. O-O (10. Rb1 {now makes no sense due to} Bf5) 10... Bxa6 {Now we
are back in the 9...Ba6 10.0-0 Nb6 line, where it's not so easy to prove an
edge for White.} (10... Rxa6 11. e4 Bb7 12. Bg5 (12. Qc2 $5 O-O 13. Bf4 $14)
12... O-O 13. Rc1 h6 14. Bxf6 Bxf6 15. Qd2 Kh7 16. Rfe1 Qa8 17. Rc2 {Illescas
Cordoba,M-De la Villa Garcia,J/Pamplona/1998/} Na4 $44) 11. Re1 {The most
usual continuation.} (11. Nh4 Nfd7 $5 {is an interesting idea to meet Karpov's
move:} 12. Qc2 Nc4 13. Nf3 $1 (13. a3 O-O 14. Ra2 Qb6 15. Na4 Qb7 16. Bg5 h6
17. Bxe7 Rfe8 18. b3 Nxa3 19. Rxa3 Rxe7 $36 {Gelfand,B-Ivanchuk,V/Monaco blind/
2002/}) (13. b3 $6 Qa5 $17) 13... O-O (13... Qa5 $5 $44 {[%cal Yc4a3] /\Na3})
14. Nd2 Ncb6 (14... Ndb6 15. b3 $14) 15. Rd1 Ra7 16. Nf1 Na8 17. Rb1 Nc7 18. b3
Nb5 19. Nxb5 Bxb5 20. Ne3 Qa8 21. a4 Ba6 22. h4 f5 23. h5 Nf6 24. hxg6 hxg6 {
Johannessen,L-Johannesson,I/Reykjavik/2001/} 25. Bb2 $16) 11... O-O 12. Nd2 (
12. e4 $6 Nc4 $44 {/\Qa5 is premature and gives Black sufficient <=>.}) (12.
Bf4 {is the most popular move, however after} Nh5 13. Bg5 h6 14. Bc1 Nf6 15.
Nd2 $5 {as in the text is one of the most promising tries-the extra h6 move
doesn't give Black anything positive.}) 12... Ra7 (12... Qc7 13. Rb1 Qb7 14. b4
$1 $14) 13. Nf1 Qa8 (13... Qb8 14. Rb1 Rb7 15. Qc2 Nfd7 16. b3 Na8 17. Bb2 Rc8
18. Ne3 c4 $5 19. bxc4 (19. b4 $5 Rxb4 20. Ba1 $14) 19... Bxc4 20. Ba1 Bxa2 $1
21. Qxa2 Bxc3 22. Bxc3 Rxc3 $11 {Lev,R-Hansen,L/Groningen/1985/}) (13... Nc4
14. Qc2 Qa5 15. Nd2 Ne5 16. h3 Rb8 17. f4 Ned7 18. Kh2 c4 19. Rb1 Nc5 20. Nf3
Bc8 21. Bd2 Qa6 22. Nh4 Bd7 23. Be3 Qa5 24. Red1 Rab7 25. Rd4 Qa6 $13 {
Ljubojevic,L-Van Wely,L/Monte Carlo blind/1999/}) 14. Ne3 Rb8 $146 {This
natural Volga move is surprisingly a novelty.} (14... Bb7 15. Rb1 (15. a4 Rc8 (
15... c4 16. Ra3 Nfd7 17. b4 Bxc3 18. Rxc3 Rxa4 19. Qd4 Rxb4 20. Nc2 Rb5 21.
Bh6 f6 22. Bxf8 Qxf8 23. Ne3 Rb4 24. h4 Nc5 25. h5 Nb3 26. Qd1 Qf7 27. Nxc4
Nxc4 28. Rxb3 Rxb3 29. Qxb3 {1-0,Grigore,G-Navrotescu,C/Timisu de Sus/1998/})
16. Ra3 Nfd7 17. Qb3 c4 18. Qa2 Bxc3 19. bxc3 Rc5 20. Bd2 Rxa4 21. Rxa4 Qxa4
22. Qxa4 Nxa4 23. Rb1 Nab6 24. Nc2 Bxd5 25. Be3 Rc8 26. Rxb6 Nxb6 27. Bxb6 Bxg2
28. Kxg2 Rb8 $44 {1/2,Grigore,G-Navrotescu,C/Bucharest/1998/}) 15... Nfd7 (
15... Na4 16. a3 $5 $14) 16. a3 Rc8 17. Bd2 {[%cal Rc3b5,Rd2c3] /\Nb5,Bc3} Ra6
$5 18. Rc1 Nf6 19. Qb3 c4 20. Qa2 Ra5 21. Red1 h5 22. Nc2 (22. Rc2 $142 $5)
22... Nfxd5 23. Nxd5 Rxd5 $1 24. Bxd5 Bxd5 25. Ne3 Be6 26. Bc3 Bh6 $44 {
Grigore,G-Navrotescu,C/ROM-chT/2000/}) 15. Qc2 Nc4 $6 {Now White will
gradually consolidate his position.} (15... Bb7 16. Rd1 c4 $5 $44 {/\ isolates
White's Pd5, prepares Ra5 and gives Black <=>.} (16... Na4 $2 17. Nb5 $1 Ra5
18. Nc7 Qa7 19. Bd2 $16) 17. Rd4 Nfxd5 (17... Ra5 $44) 18. Nexd5 Nxd5 19. Nxd5
$1 Bxd4 20. Nc7 Rxa2 $1 21. Nxa8 Rxa1 $36) 16. b3 $1 (16. Nxc4 Bxc4 $11 {
[%cal Rc4a2,Rf6d5] /\Nd5,Ba2}) 16... Nxe3 (16... Ne5 17. Bd2 $5 c4 18. Rec1 $14
) 17. Bxe3 Ng4 18. Bd2 c4 19. h3 Ne5 20. Rec1 $1 $14 {The R belong on b1 and
c1, so that the Q gets a safe and unassailable square on d1.} Rc7 {[%mdl 32]
This allows White to continue with his strategic plan.} (20... Bc8 $142 $5 {
[%cal Yc8f5] /\Bf5 Forcing e4 would free d3 for Black's N and give him more
<=>.}) 21. Qd1 h5 22. Rab1 $1 {[%cal Rb3b4] /\b4+/-} cxb3 23. axb3 Rbc8 $6 {
Leads only to further simplification.} (23... Rcb7 $142) 24. Na4 $16 {White
has a healthy extra pawn.} Qb7 (24... Rxc1 25. Rxc1 Rb8 (25... Rxc1 26. Bxc1
$16) 26. Rc7 Rb7 27. Rxb7 Qxb7 28. Bc3 $16) 25. Rxc7 Rxc7 26. Rc1 Rxc1 27. Bxc1
Qb4 (27... Qb5 28. Bg5 $5 $16 {/\} f6 29. Nc3 Qb4 30. Bd2 {׻}) 28. Bd2 Qa3 (
28... Qb5 29. Bg5 {-27...Qb5}) 29. Bf1 $1 {As often in the fianchetto Volga
White still doesn't move his Pe2, as this would invite the N to d3. By
protecting the P Tkachiev frees his Q for further action.} Bb5 30. Nc3 Ba6 31.
Qb1 {[%cal Rb1a2] /\Qa2+/-} Bb7 (31... Nd7 $5 32. Qa2 (32. Na4 Bb5 33. Qc2 $16)
32... Qxa2 33. Nxa2 Nc5 34. Nc1 $16) (31... Nc4 32. bxc4 (32. Be1 Na5 $11)
32... Bxc3 33. Qd3 $16) 32. Bg2 Ba6 33. Qc2 Nd7 34. Ne4 $1 {[%cal Rc2c7] /\Qc7}
Nf6 (34... Bxe2 35. Bg5 f6 36. Qxe2 fxg5 37. Nxg5 $40) (34... Qa1+ 35. Kh2 Nf6
36. Bc3 $18) 35. Nxf6+ Bxf6 36. Bf3 Kg7 $6 {And again Black allows White an
advantageous exchange, now the _|_ will be untenable.} (36... Qa1+ $142 37. Kg2
Qd4 $16) 37. Bc3 $18 Bb5 (37... Qc5 38. Bxf6+ Kxf6 39. Qb2+ e5 40. dxe6+ Kxe6
41. b4 $18) (37... Bxc3 38. Qxc3+ Kg8 39. Qc6 $1 $18 {and the Ba6 has no
squares.}) 38. h4 Bd7 39. Kg2 {White is patient, there is no need to hurry.}
Bf5 (39... Bxc3 40. Qxc3+ {[%cal Rc3c7] /\Qc7+-}) 40. e4 Bd7 41. Bxf6+ exf6 (
41... Kxf6 42. Qc3+ e5 43. dxe6+ Kxe6 44. g4 $1 $18) 42. Qc3 (42. Qc4 $142 $5 {
[%cal Rb3b5] /\b4-b5+-}) 42... Bb5 (42... Ba4 43. Bd1 $18) (42... Qc5 43. Qxc5
dxc5 44. Be2 {[%cal Rf2f3,Rg3g4] /\f3,g4+-}) 43. g4 hxg4 44. Bxg4 Qa2 45. h5 $5
{Consistent, although it gives Black some <=>.} (45. Qb4 Bd3 $5 {/\Qb1<=>})
45... Qb1 (45... gxh5 $143 46. Bxh5 Qb1 47. Qg3+ Kh7 48. Qf4 $18) 46. h6+ $1 (
46. Qe3 Bd3 $14) 46... Kxh6 47. Qxf6 Qxe4+ 48. Kg3 {/\Qh8-h4#} (48. Bf3 Qe5 49.
Qxf7 Qg5+ $14) 48... Qe8 $6 {This passive move can't hold the game.} ({
Somewhat better, but also insufficient was} 48... Qe5+ $142 49. Qxe5 dxe5 50.
d6 f5 51. Be2 Bd7 52. b4 (52. f4 exf4+ 53. Kxf4 g5+ 54. Ke5 Kg6 55. Bc4 f4 56.
Bd5 g4 57. Kxf4 Kf6 58. b4 g3 $11) 52... Kg5 53. b5 Kf6 54. b6 Bc6 55. Bb5 $1 (
55. Ba6 Ke6 56. b7 Bxb7 57. Bxb7 Kxd6 58. Kh4 e4 59. Kg5 Ke5 $11) (55. d7 Ke7
56. Bb5 Bd5 57. Kh4 Be4 58. Kg5 f4 $14) 55... Bb7 56. Bd7 {[%cal Rd7c8] /\Bc8!}
f4+ (56... e4 57. Bc8 Bc6 58. d7 $1 Ke7 59. Kf4 Kd8 60. Kg5 {[%cal Rb6b7] /
\b7+-}) 57. Kh2 $1 (57. Kg4 $6 g5 58. Bb5 (58. Kh3 e4 59. Kg2 (59. Kh2 e3 60.
fxe3 Ke5 61. Bc8 Kxd6 62. Bxb7 fxe3 63. Bf3 e2 $11) 59... e3+ 60. Kf1 Ke5 $1
61. Bc8 Kxd6 62. Bxb7 Kc5 63. Be4 Kxb6 64. f3 Kc5 65. Ke2 Kd4 $11) 58... e4 59.
d7 Ke7 60. Kxg5 e3 61. f3 $8 e2 $1 (61... Bxf3 62. Kxf4 e2 63. Bxe2 Bc6 64. Bb5
$1 $18) 62. Bxe2 Kxd7 63. Kxf4 Kc6 64. Ke5 Kxb6 65. f4 Bc8 66. Bc4 Kc7 67. Be6
Ba6 $11) 57... e4 58. Bc8 e3 (58... Bc6 59. Kg1 (59. b7 $2 Bxb7 60. Bxb7 e3 $11
) 59... g5 60. Kf1 (60. b7 $143 Bxb7 61. Bxb7 e3 $1 62. fxe3 Ke6 63. e4 Kxd6)
60... Bb5+ (60... Kf7 61. b7 Bxb7 62. Bxb7 e3 63. Bd5+ Ke8 64. Bc6+ $18) 61.
Ke1 Bc6 62. b7 Bxb7 63. Bxb7 e3 64. Bd5 $18) (58... Bxc8 59. d7 $18) 59. fxe3
fxe3 60. Kg1 Bf3 61. Kf1 g5 62. Bg4 $1 Bb7 63. Ke2 $18) 49. Qxd6 Kg7 50. Kf4 {
[%cal Rd6e5] /\Qe5} f6 (50... Kg8 51. Kg5 $5 $18) 51. Be6 $18 Kh6 52. Ke3 Qa8
53. Qc5 Be8 54. d6 Qd8 (54... Qa6 55. Qc7 Qf1 56. d7 Qe1+ 57. Kd3 $18) 55. Qc8
(55. Qc7 $142 $18) (55. Qc8 Qb6+ 56. Kf3 $1 Bc6+ 57. Kg3 $18) 1-0